000 00629nam a2200205Ia 4500
003 OSt
005 20220926040220.0
006 a|||||r|||| 00| 0
007 ta
008 220923b |||||||| |||| 00| 0 eng d
037 _cGeneral Book
040 _aRTL
_cRTL
_beng
041 _2eng
_aeng
082 _aB2810bX, K2
100 _aArrow Kenneth J Ed.
_9128975
245 0 _aStudies in applied probability and management scie
490 _aStanford Mathematical Studies in the Social Sciences ed by Kenneth J Arrow etc.7
942 _hB2810bX, K2
_cGB
_2CC
999 _c664179
_d664179